000 01104cam a22002174a 4500
005 20250731113204.0
008 250528s ||||||||||||||||||||||||d
035 _a20555
020 _a13028419
040 _aGR-AtMCL
_bgre
_dGR-AtMCL
_eAACR2
245 1 _aE-Business and E-Commerce / How to Program: Volume 2
260 _bPrentice Hall,
_c2001
300 _a634
520 _aThe authoritative introduction to e-Business and e-Commerce programming. Introduction to Computers and the Internet and the Web, Introduction to Internet Explorer 5 and the World Wide Web, E-Business Models, Internet Marketing, Online Monetary Transactions, Legal and Ethical and Social Issues; Internet Taxation, Computer and Network Security, Hardware and Software and Communications, Internet HTML 4, Ultimate Paint, Microsoft FrontPage Express, Active Server Pages, XML (Extensible Markup Language), Accessibility, Bibliography, Index.
700 1 _aDeitel, Harvey M.,
_d1945-
_91838
700 1 _aDeitel, Paul J.
_91839
700 1 _aNieto T.R
_91840
942 _cBK
999 _c5653
_d5653